000 00777nam a2200253Ia 4500
003 OSt
005 20220918221750.0
006 a|||||r|||| 00| 0
007 ta
008 220917b |||||||| |||| 00| 0 eng d
024 _a202,773
037 _cTextual
040 _aARTS
_cARTS
_beng
041 _2eng
_aeng
082 _aY49:4.1, N9
100 _aBourdieu Pierre ..et...al..
_9141383
245 0 _aWeight of the world
_b Social suffering in contemporary society
260 _aCambridge
_bPolity press
_c1999
300 _ax, 646 p
_ccm.
650 _aSOCIOLOGY
700 _a Ferguson Priscilla Parkhurst Tr.
_9141384
942 _hY49:4.1, N9
_cTEXL
_2CC
999 _c273551
_d273551